| 000 | 00547nam a2200193Ia 4500 | ||
|---|---|---|---|
| 999 |
_c32417 _d32417 |
||
| 003 | OSt | ||
| 005 | 20200730140201.0 | ||
| 008 | 190216s9999||||xx |||||||||||||| ||und|| | ||
| 020 | _a9788126532285 | ||
| 040 | _coclc | ||
| 082 |
_a512.02 _bDUM/A |
||
| 100 |
_aDummit, David S _93883 |
||
| 245 | 0 |
_aAbstract Algebra / _cDavid S Dummit ; Richard M Foote |
|
| 250 | _a3rd Ed. | ||
| 260 |
_bWiley Students, _c2011. _a2011. |
||
| 300 | _a932p | ||
| 650 | _aAbstract Algebra | ||
| 942 |
_cBK _2ddc _h512.02 _iDUM/A _k512.02 _mDUM/A |
||